000
00301nam a22001211a 4500
999
_c
156658
_d
156658
082
_a
M8
_b
GIB/RAV
100
_a
Khalil Gibran
245
_a
Ravinum prabhathathinumidayil/
_c
by Khalil Gibran.
260
_a
_b
_c
2008.
300
_a
80p.
650
_a
Miscellaneous Literature Malayalam
942
_c
BK